000 00627nam a2200217Ia 4500
003 OSt
005 20220925235319.0
006 a|||||r|||| 00| 0
007 ta
008 220923b |||||||| |||| 00| 0 eng d
037 _cGeneral Book
040 _aRTL
_cRTL
_beng
041 _2eng
_aeng
082 _aX:8.N87, M7/SC
100 _aPRAKASH Ram Ed.
_9301183
245 0 _aManagement of economic development
_b New horizons
260 _a New Delhi
_bCriterian publishers
_c1987
300 _axi,211p.
_ccm.
942 _hX:8.N87, M7/SC
_cGB
_2CC
999 _c597116
_d597116